01010nam a2200265Ia 4500003000400000005001700004006001800021007000300039008004100042024001000083037001100093040001800104041001300122100003500135110009600170245018000266260000900446300001800455650002100473700003500494700009600529942001200625999001900637952008800656OSt20220930072452.0a|||||r|||| 00| 0ta220926b |||||||| |||| 00| 0 eng d a24468 cTheses aCRLcCRLbeng 2engaeng aSaxena nee Gupta Pikee9529881 aUniversity of Delhi. Faculty of Medical Sciences. Department of Obstetrics and Gynaecology 0aAssociation of serum copper and magnesium levels with gynaecological malignancies and its use as diagnostic and prognostic tool in the management of genital tract malignancies c1997 a60p.ap.ccm. aWOMEN - DISEASES a Dr S Yadav Supervisor9529882 aUniversity of Delhi. Faculty of Medical Sciences. Department of Obstetrics and Gynaecology cDIS2CC c863946d863946 00104070aCRLbCRLd2022-09-30l0pTh0010923r2022-09-30 00:00:00w2022-09-30yTH